000 00548nam a2200205Ia 4500
003 GCL
008 140319s9999 xx 000 0 eng d
040 _aGCL /
_cGCL
082 0 4 _a307.764095692
_bF M
100 1 _aFAWAZ, LEILA T.
245 1 0 _aMERCHANTS AND MIGRANTS IN NINETEENTH CENTURY BEIRUIT /
_cFAWAZ, LEILA T.
260 _a[S.N] :
_bHARVARD UNVIERSITY PRESS ،
_c1983
300 _a182
650 0 4 _aMERCHANTS
650 0 4 _aHISTORY
650 0 4 _aCOMMERCE
650 0 4 _aBEIRUT (LEBANON)
650 0 4 _aEMIGRATION
942 _2ddc
_cBK
999 _c13754
_d13754